| 000 | 00803cam a22002531 4500 | ||
|---|---|---|---|
| 001 | e 09001594 | ||
| 003 | DLC | ||
| 005 | 20260227111151.0 | ||
| 007 | cr_||||||||||| | ||
| 008 | 751002s1909 nyu 000 0 eng c | ||
| 010 | _ae 09001594 | ||
| 035 | _a(OCoLC)1672341 | ||
| 040 |
_aU.S. Off. of Educ. Library _cOT _dOCoLC _dDLC |
||
| 042 | _apremarc | ||
| 050 | 0 | 0 |
_aS531 _b.B3 |
| 100 | 1 |
_aBailey, L. H. _q(Liberty Hyde), _d1858-1954. |
|
| 245 | 1 | 4 |
_aThe training of farmers, _cby L. H. Bailey. |
| 260 |
_aNew York, _bCentury, _c1909. |
||
| 300 |
_aviii, 263 p. _c18 cm. |
||
| 530 | _aAlso available in digital form on the Internet Archive Web site. | ||
| 650 | 0 | _aAgricultural education. | |
| 650 | 0 |
_aAgriculture _xEconomic aspects. |
|
| 856 | 4 | 1 | _uhttp://hdl.loc.gov/loc.gdc/scd0001.00027825011 |
| 999 |
_c18875 _d18875 |
||